000 00658nam a2200277Ia 4500
005 20260324150843.0
008 008 260324s9999 xx 000 0 eng d
020 _a9781315020488
037 _aEBOOK
040 _aCRL
040 _beng
040 _cCRL
041 _2eng
041 _aeng
084 _qCRL
100 _aEileen Power; M.M. Postan
_91227850
245 0 _aStudies in English Trade in the 15th Century
260 _bTaylor and Francis
260 _c1933
365 _a
365 _b300
856 _uhttp://www.taylorfrancis.com/books/9781315020488
942 _cEBOOK
999 _c1838026
_d1838026